New essays concerning human understanding /

Bibliographic Details
Main Author: Leibniz, Gottfried Wilhelm, Freiherr von, 1646-1716
Other Authors: Gerhardt, C. I. (Carl Immanuel), 1816-1890
Format: Book
Language:English
Published: LaSalle, Ill. : Open Court Pub. Co., 1949.
Edition:3rd ed.
Subjects:

MARC

Tag First Indicator Second Indicator Subfields
LEADER 00000cam a2200000 a 4500
001 in00000078736
005 20151008053915.0
008 751105s1949 iluc b 00110 engmc
010 |a a 51002945  
035 |a (OCoLC)01808554 
035 |9 AAH9027AM 
040 |a Rochester Univ. Libr.  |c JPL  |d m.c.  |d TXA  |d UtOrBLW 
049 |a TXAM  |c [1654603] 
050 0 0 |a [B2581.E5L ] 
090 |a B2581.E5  |b L3 1949 
092 |a 193  |b L 1949 
100 1 |a Leibniz, Gottfried Wilhelm,  |c Freiherr von,  |d 1646-1716. 
245 1 0 |a New essays concerning human understanding /  |c by Gottfried Wilhelm Leibnitz, together with an appendix consisting of some of his shorter pieces; translated from the original Latin, French and German, with notes, by Alfred Gideon Langley. 
250 |a 3rd ed. 
264 1 |a LaSalle, Ill. :  |b Open Court Pub. Co.,  |c 1949. 
300 |a xix, 861 pages :  |b portrait ;  |c 22 cm. 
336 |a text  |b txt  |2 rdacontent 
337 |a unmediated  |b n  |2 rdamedia 
338 |a volume  |b nc  |2 rdacarrier 
500 |a Includes bibliographical references and indexes. 
505 0 |a "The work ... consists of a translation of the entire fifth volume of Gerhardt's Die philosophischen Schriften von G. W. Leibniz, subentitled Leibniz und Locke,' consisting of an introduction by Gerhardt, several short pieces on Locke's Essay and the New essays on human understanding; and of an appendix containing a translation of other short pieces of Leibnitz bearing on the subjects discussed in the New essays or referred to therein." 
600 1 0 |a Locke, John,  |d 1632-1704.  |t Essay concerning human understanding. 
650 0 |a Knowledge, Theory of. 
700 1 |a Gerhardt, C. I.  |q (Carl Immanuel),  |d 1816-1890. 
999 |a MARS 
999 f f |s 521e8c86-6422-3f9f-9bc2-5632f250810b  |i 18eefc03-abe3-3865-9cfa-1f95826b72ab  |t 0 
952 f f |p ric  |a Texas A&M University  |b Rellis Campus  |c Joint Library Facility  |d Remote Storage  |t 0  |e B2581.E5 L3 1949  |h Library of Congress classification  |i unmediated -- volume  |m A14806081970 
998 f f |a B2581.E5 L3 1949  |t 0  |l Remote Storage